Upevňovanie a stupňovanie konkurenčnej výhody vo vybranom podniku diplomová práca

Saved in:
Bibliographic Details
Main Author: Binderová, Adela
Corporate Author: Fakulta podnikového manažmentu EU. Katedra manažmentu
Other Authors: Hudáková, Ivana, 1976-
Format: Book
Language:Slovak
Published: Bratislava 2013
Tags: Add Tag
No Tags, Be the first to tag this record!

MARC

LEADER 00000nbm a2200000 4500
001 0170813
005 20161109102412.1
041 0 |a slo 
044 |a SK 
245 1 0 |a Upevňovanie a stupňovanie konkurenčnej výhody vo vybranom podniku  |b diplomová práca  |c Adela Binderová ; školiteľ: Ivana Mišúnová Hudáková 
264 1 |a Bratislava  |c 2013 
300 |a 81 s. 
100 1 |a Binderová, Adela 
700 1 |a Hudáková, Ivana, 1976- 
710 2 |a Fakulta podnikového manažmentu EU. Katedra manažmentu